Statistiques concernant Les régions françaises métropolitaines

Cliquez ici pour prendre le quiz!

Statistiques générales

  • Ce quiz a été pris 16 fois
  • Le résultat moyen est 8 sur 13

Statistiques - réponses

Réponse% Correct
Bretagne
100%
Corse
100%
Occitanie
79%
Grand Est
71%
Ile de France
64%
Normandie
64%
Bourgogne-Franche-Comté
57%
Nouvelle Aquitaine
57%
Pays de la Loire
50%
Auvergne-Rhône-Alpes
43%
Provence-Alpes-Côte d'Azur
36%
Centre-Val de Loire
29%
Haut de France
29%

Distribution des résultats

Percentile par nombre de réponses

% des personnes avec chaque résultat

Votre développement - résultats

Vous n’avez pas pris ce quiz